Xfem fracture analysis of composites / (Record no. 566545)

000 -LEADER
fixed length control field 03853cam a2200373 i 4500
001 - CONTROL NUMBER
control field 17278326
003 - CONTROL NUMBER IDENTIFIER
control field CEME
005 - DATE AND TIME OF LATEST TRANSACTION
control field 20210628201605.0
008 - FIXED-LENGTH DATA ELEMENTS--GENERAL INFORMATION
fixed length control field 120430t20122012enka b 001 0 eng
010 ## - LIBRARY OF CONGRESS CONTROL NUMBER
LC control number 2012016776
020 ## - INTERNATIONAL STANDARD BOOK NUMBER
International Standard Book Number 9781119974062 (hardback)
020 ## - INTERNATIONAL STANDARD BOOK NUMBER
International Standard Book Number 1119974062 (hardback)
040 ## - CATALOGING SOURCE
Original cataloging agency DLC
Language of cataloging eng
Transcribing agency DLC
Description conventions rda
Modifying agency DLC
042 ## - AUTHENTICATION CODE
Authentication code pcc
050 00 - LIBRARY OF CONGRESS CALL NUMBER
Classification number TA418.9.C6
Item number M64 2012
082 00 - DEWEY DECIMAL CLASSIFICATION NUMBER
Classification number 620.1/186
Edition number 23
084 ## - OTHER CLASSIFICATION NUMBER
Classification number SCI041000
Number source bisacsh
100 1# - MAIN ENTRY--PERSONAL NAME
Personal name Mohammadi, Soheil, Soheil Mohammadi
9 (RLIN) 55959
245 10 - TITLE STATEMENT
Title Xfem fracture analysis of composites /
Statement of responsibility, etc. Soheil Mohammadi, University of Tehran, Iran.
300 ## - PHYSICAL DESCRIPTION
Extent xxvii, 371 pages :
Other physical details illustrations ;
Dimensions 26 cm
504 ## - BIBLIOGRAPHY, ETC. NOTE
Bibliography, etc. note Includes bibliographical references (pages 349-361) and index.
505 0# - FORMATTED CONTENTS NOTE
Formatted contents note Introduction. -- 1.1 Composite structures. -- 1.2 Failure of composites. -- 1.3 Crack analysis. -- 1.4 Analytical solutions for composites. -- 1.5 Numerical techniques. -- 1.6 Scope of the book. -- Fracture Mechanics, a Review. -- 2.1 Introduction. -- 2.2 Basics of elasticity. -- 2.3 Basics of LEFM. -- 2.4 stress intensity factor. -- 2.5 Classical solution procedures for K and G. -- 2.6 Quarter point singular elements. -- 2.7 J integral. -- 2.8 Elastoplastic fracture mechanics (EPFM). -- Extended Finite Element Method. -- 3.1 Introduction. -- 3.2 Historic development of XFEM. -- 3.3 Enriched approximations. -- 3.4 XFEM formulation. -- 3.5 XFEM strong discontinuity enrichments. -- 3.6 XFEM weak discontinuity enrichments. -- 3.7 XFEM crack tip enrichments. -- 3.8 Transition from standard to enriched approximation. -- 3.9 Tracking moving boundaries. -- 3.10 Numerical simulations. -- Static Fracture Analysis of Composites.
505 0# - FORMATTED CONTENTS NOTE
Formatted contents note 4.1 Introduction. -- 4.2 Anisotropic elasticity. -- 4.3 Analytical solutions for near crack tip. -- 4.4 Orthotropic mixed mode fracture. -- 4.5 Anisotropic XFEM. -- 4.6 Numerical simulations. -- Dynamic Fracture Analysis of Composites. -- 5.1 Introduction. -- 5.2 Analytical solutions for near crack tips in dynamic states. -- 5.3 Dynamic stress intensity factors. -- 5.4 Dynamic XFEM. -- 5.5 Numerical simulations. -- Fracture Analysis of Functionally Graded Materials. -- 6.1 Introduction. -- 6.2 Analytical solution for near crack tip. -- 6.3 Stress intensity factor. -- 6.4 Crack propagation in FGM composites. -- 6.5 Inhomogeneous XFEM. -- 6.6 Numerical examples. -- Delamination/Interlaminar Crack Analysis. -- 7.1 Introduction. -- 7.2 Fracture mechanics for bimaterial interface cracks. -- 7.3 Stress intensity factors for interlaminar cracks. -- 7.4 Delamination propagation. -- 7.5 Bimaterial XFEM. -- 7.6 Numerical examples. -- New Orthotropic Frontiers. -- 8.1 Introduction. -- 8.2 Orthotropic XIGA. -- 8.3 Orthotropic dislocation dynamics. -- 8.4 Other anisotropic applications. -- References. -- Index.
520 ## - SUMMARY, ETC.
Summary, etc. "This book describes the basics and developments of the new XFEM approach to fracture analysis of structures and materials, providing state of the art techniques and algorithms for fracture analysis of structures. It offers numeric examples at the end of each chapter, as well as an accompanying website, which will include MATLAB resources, executables, data files, and simulation procedures of XFEM"--
650 #0 - SUBJECT ADDED ENTRY--TOPICAL TERM
Topical term or geographic name entry element Composite materials
General subdivision Fracture.
9 (RLIN) 55960
650 #0 - SUBJECT ADDED ENTRY--TOPICAL TERM
Topical term or geographic name entry element Composite materials
General subdivision Fatigue.
9 (RLIN) 40853
650 #0 - SUBJECT ADDED ENTRY--TOPICAL TERM
Topical term or geographic name entry element Fracture mechanics.
9 (RLIN) 1528
650 #0 - SUBJECT ADDED ENTRY--TOPICAL TERM
Topical term or geographic name entry element Finite element method.
9 (RLIN) 1938
650 #7 - SUBJECT ADDED ENTRY--TOPICAL TERM
Topical term or geographic name entry element SCIENCE / Mechanics / General.
Source of heading or term bisacsh
9 (RLIN) 10009
856 42 - ELECTRONIC LOCATION AND ACCESS
Materials specified Publisher description
Uniform Resource Identifier <a href="http://www.loc.gov/catdir/enhancements/fy1210/2012016776-d.html">http://www.loc.gov/catdir/enhancements/fy1210/2012016776-d.html</a>
856 41 - ELECTRONIC LOCATION AND ACCESS
Materials specified Table of contents only
Uniform Resource Identifier <a href="http://www.loc.gov/catdir/enhancements/fy1210/2012016776-t.html">http://www.loc.gov/catdir/enhancements/fy1210/2012016776-t.html</a>
856 42 - ELECTRONIC LOCATION AND ACCESS
Materials specified Contributor biographical information
Uniform Resource Identifier <a href="http://www.loc.gov/catdir/enhancements/fy1301/2012016776-b.html">http://www.loc.gov/catdir/enhancements/fy1301/2012016776-b.html</a>
942 ## - ADDED ENTRY ELEMENTS (KOHA)
Source of classification or shelving scheme
Koha item type Book
Holdings
Withdrawn status Lost status Source of classification or shelving scheme Damaged status Not for loan Permanent Location Current Location Shelving location Date acquired Total Checkouts Full call number Barcode Date last seen Price effective from Koha item type
          College of Electrical & Mechanical Engineering (CEME) College of Electrical & Mechanical Engineering (CEME) General Stacks 03/09/2017   620.1186 MON CEME-47163 06/28/2021 06/28/2021 Book
          College of Electrical & Mechanical Engineering (CEME) College of Electrical & Mechanical Engineering (CEME) General Stacks 03/09/2017   620.1186 MON CEME-47164 06/28/2021 06/28/2021 Book
          College of Electrical & Mechanical Engineering (CEME) College of Electrical & Mechanical Engineering (CEME) General Stacks 03/09/2017   620.1186 MON CEME-47165 06/28/2021 06/28/2021 Book
© 2023 Central Library, National University of Sciences and Technology. All Rights Reserved.